| 000 | 00326nam a2200109Ia 4500 | ||
|---|---|---|---|
| 005 | 20251222114404.0 | ||
| 008 | 251222s1900||||xx |||||||||||||| ||spa|| | ||
| 082 | _aDVD0092/S25T/2006 | ||
| 245 | 0 | _aMaría Auxiliadora: La Virgen de los tiempos difíciles | |
| 264 | _bCastillejo, Christian. Salas Delgado, Rubén. | ||
| 942 | _cDVD | ||
| 999 |
_c1772 _d1772 |
||